Приключения Якова Верного; Иафет в поисках отца; Приключения Ардента Троутона: романы, повести; пер. с англ.

Бібліографічні деталі
Автор: Марриэт Ф. Фредерик
Інші автори: Свиридов П. (составитель)
Мова:Російська
Опубліковано: Москва, Терра, 1992
Предмети:
Формат: Книга
KOHA link:https://koha.lib.tpu.ru/cgi-bin/koha/opac-detail.pl?biblionumber=160816

MARC

LEADER 00000nam0a2200000 4500
001 160816
005 20231031155719.0
010 |a 585255183X 
035 |a (RuTPU)RU\TPU\book\174407 
090 |a 160816 
100 |a 20090529d1992 m y0rusy50 ca 
101 1 |a rus  |c eng 
102 |a RU 
105 |a a z 000ay 
200 1 |a Приключения Якова Верного; Иафет в поисках отца; Приключения Ардента Троутона  |e романы, повести  |e пер. с англ.  |f Ф. Марриэт  |g сост. П. Свиридов 
210 |a Москва  |c Терра  |d 1992 
215 |a 528 с.  |c ил. 
610 1 |a английская литература 
610 1 |a романы 
610 1 |a повести 
675 |a 82  |v 3 
700 1 |a Марриэт  |b Ф.  |g Фредерик 
702 1 |a Свиридов  |b П.  |4 220 
801 1 |a RU  |b 63413507  |c 20090529  |g PSBO 
942 |c BK